<?xml version="1.0" encoding="UTF-8"?>
<record
    xmlns:xsi="http://www.w3.org/2001/XMLSchema-instance"
    xsi:schemaLocation="http://www.loc.gov/MARC21/slim http://www.loc.gov/standards/marcxml/schema/MARC21slim.xsd"
    xmlns="http://www.loc.gov/MARC21/slim">

  <leader>01252nam a22002297a 4500</leader>
  <datafield tag="952" ind1=" " ind2=" ">
    <subfield code="0">0</subfield>
    <subfield code="1">0</subfield>
    <subfield code="4">0</subfield>
    <subfield code="7">0</subfield>
    <subfield code="a">03</subfield>
    <subfield code="b">03</subfield>
    <subfield code="d">2014-09-18</subfield>
    <subfield code="l">1</subfield>
    <subfield code="o">RB145 R85 2009</subfield>
    <subfield code="p">03 006954</subfield>
    <subfield code="r">2018-08-16</subfield>
    <subfield code="s">2018-08-16</subfield>
    <subfield code="t">1</subfield>
    <subfield code="w">2014-09-18</subfield>
    <subfield code="y">LB</subfield>
  </datafield>
  <datafield tag="952" ind1=" " ind2=" ">
    <subfield code="0">0</subfield>
    <subfield code="1">0</subfield>
    <subfield code="2">lcc</subfield>
    <subfield code="4">0</subfield>
    <subfield code="7">0</subfield>
    <subfield code="a">03</subfield>
    <subfield code="b">03</subfield>
    <subfield code="d">2014-09-18</subfield>
    <subfield code="l">1</subfield>
    <subfield code="o">RB145 R85 2009</subfield>
    <subfield code="p">03 006955</subfield>
    <subfield code="r">2016-06-06</subfield>
    <subfield code="s">2016-06-04</subfield>
    <subfield code="t">2</subfield>
    <subfield code="w">2014-09-18</subfield>
    <subfield code="y">LB</subfield>
  </datafield>
  <datafield tag="999" ind1=" " ind2=" ">
    <subfield code="c">94075</subfield>
    <subfield code="d">94075</subfield>
  </datafield>
  <controlfield tag="008">121028s2009    mx a          001 0 spa d</controlfield>
  <datafield tag="020" ind1=" " ind2=" ">
    <subfield code="a">9786077743040</subfield>
  </datafield>
  <datafield tag="050" ind1=" " ind2=" ">
    <subfield code="a">RB145 </subfield>
    <subfield code="b">R85 2009</subfield>
  </datafield>
  <datafield tag="100" ind1=" " ind2=" ">
    <subfield code="a">Ruiz Arg&#xFC;elles, Guillermo J. </subfield>
    <subfield code="e">autor</subfield>
  </datafield>
  <datafield tag="245" ind1="0" ind2=" ">
    <subfield code="a">Fundamentos de hematolog&#xED;a </subfield>
    <subfield code="c"> / Guillermo J. Ruiz Arg&#xFC;elles</subfield>
  </datafield>
  <datafield tag="250" ind1=" " ind2=" ">
    <subfield code="a">4a. edici&#xF3;n</subfield>
  </datafield>
  <datafield tag="260" ind1=" " ind2=" ">
    <subfield code="a">M&#xE9;xico </subfield>
    <subfield code="b"> : Medica Panamaericana</subfield>
    <subfield code="c">, 2009</subfield>
  </datafield>
  <datafield tag="300" ind1=" " ind2=" ">
    <subfield code="a">342 p&#xE1;ginas </subfield>
    <subfield code="b"> : ilustraciones </subfield>
  </datafield>
  <datafield tag="337" ind1=" " ind2=" ">
    <subfield code="a">texto</subfield>
  </datafield>
  <datafield tag="338" ind1=" " ind2=" ">
    <subfield code="a">sin medio</subfield>
  </datafield>
  <datafield tag="505" ind1=" " ind2=" ">
    <subfield code="a">Hematopoyesis
Interpretaci&#xF3;n de la citometr&#xED;a hem&#xE1;tica
Indices y parametros eritroc&#xED;ticos. Definici&#xF3;n de anemia
Anemia por deficiencia en hierro 
Anemias megalobl&#xE1;sticas. Generalidades
Anemias hemolit&#xED;cas causadas por trastornos de la membrana eritroc&#xED;tica
Hemoglobinopat&#xED;as y talasemias
Anem&#xED;as hemolit&#xED;cas por alteraciones en enzimas eritrocitarias
Anemias hemol&#xED;ticas inmunol&#xF3;icas
Hipoplasias y displasias medulares</subfield>
  </datafield>
  <datafield tag="519" ind1=" " ind2=" ">
    <subfield code="a">Plan Flexible / 
</subfield>
    <subfield code="b">Criminal&#xED;stica / </subfield>
    <subfield code="c">Hematolog&#xED;a Forense (P15-2) /</subfield>
    <subfield code="d">(03 006954)</subfield>
  </datafield>
  <datafield tag="519" ind1=" " ind2=" ">
    <subfield code="a">Plan Flexible / 
</subfield>
    <subfield code="b">Criminal&#xED;stica / </subfield>
    <subfield code="c">Hematolog&#xED;a Forense (P14-3) /</subfield>
    <subfield code="d">(03 006955)</subfield>
  </datafield>
  <datafield tag="650" ind1="1" ind2="0">
    <subfield code="a">HEMATOLOGIA</subfield>
  </datafield>
  <datafield tag="710" ind1=" " ind2=" ">
    <subfield code="a">Agrupaci&#xF3;n Mexicana para el Estudio de la Hematolog&#xED;a</subfield>
  </datafield>
  <datafield tag="942" ind1=" " ind2=" ">
    <subfield code="c">LB</subfield>
  </datafield>
</record>
